1712 1982 1621 1064 1429 1401 1770 1917 1178 1391 1647 1888 1617 1527 1616 1360 1754 1180 1771 1130 1571 1566 1875 1099 1127 1551 1917 1814 1003 1939 1409 1948 1641 1538 1372 1612 1200 1284 1661 1128 1873 1563 1117 1322 1716 1740 1560 1288 1815 1613 1494 1129 1402 1770 1796 1852 1577 1458 1791 1815 1041 1631 1241 1802 1745 1242 1639 1935 1784 1104 1602 1247 1371 1873 1486 1668 1241 1127 1218 1538 1343 1203 1151 1023 1842 1515 1084 1623 1468 1618 1183 1480 1585 1907 1536 1767 1225 1863 1107 BCNSPRNW ULIB Ver.6.0+V

เปลี่ยนเป็นภาษาไทย

Change to English
 แสดงรายละเอียดบรรณานุกรม
  กลับหน้าหลัก

Brief Record : Get Marc (ISO 2709) : E-mail record : QR code < ปิดหน้าต่าง
LEADER : 00000nam 2200000uu 4500
001    13399127901
003     ULIB
008    211026s||||||||th 000 0 tha d
020    ^a9786164434608
060 04 ^aQW4^bพ338C
100 0  ^aพบชัย งามสกุลรุ่งโรจน์
245 00 ^aCases in medical microbiology & parasitology /^cบรรณาธิการ,พบชัย งามสกุลรุ่งโรจน์ ... [และคนอื่น ๆ]
246 30 ^aCases in medical microbiology and parasitology
250    ^aพิมพ์ครั้งที่ 1
260    ^aกรุงเทพฯ :^bภาควิชาจุลชีววิทยาและภาควิชาปรสิตวิทยาคณะแพทยศาสตร์ศิริราชพยาบาล มหาวิทยาลัยมหิดล,^c2563
300    ^axiii, 779 หน้า :^bภาพประกอบ (ภาพสีบางภาพ) ;^c24 ซม.
504    ^aมีบรรณานุกรมและดัชนี
505 0  ^aA Clinical approach to Infectious -- LaboratoryInvestigation of infectious diseases -- Fever withoutlocalizing signs -- Infections in skin and musculoskeletalsystem -- Infections with cardiovascular and lymphaticsystems -- Infections in respiratory system -- Infectionsin Gastrointestinal and hepatobiliary systems --Infections in urinary system -- Infections in reproductivesystem -- Infections in nervous system and organs ofspecial senses -- Infections in immunocompromised patients-- Congenital and neonatal infections
650  2 ^aMedical microbiology
650  2 ^aBacteria
650  2 ^aParasitology
650  4 ^aจุลชีววิทยาทางการแพทย์
650  4 ^aแบคทีเรีย
650  4 ^aปรสิตวิทยา
700 0  ^aพบชัย งามสกุลรุ่งโรจน์,^eบรรณาธิการ
710 2  ^aมหาวิทยาลัยมหิดล.^bคณะแพทยศาสตร์ศิริราชพยาบาล.^bภาควิชาภาควิชาจุลชีววิทยา
710 2  ^aมหาวิทยาลัยมหิดล.^bคณะแพทยศาสตร์ศิริราชพยาบาล.^bภาควิชาปรสิตวิทยา
945    ^p999^l0^i29047
999    ^aกัณชพร จุลอักษร
รายการนี้ยังไม่มีแท็ก
คุณยังไม่ได้ล็อกอิน คุณสามารถมีกิจกรรมร่วมกับเว็บไซต์ได้ แต่ต้องล็อกอินก่อน ::
  ล็อกอิน

รายการสื่อสารสนเทศ

ลำดับที่ ประเภท เลขเรียก/บาร์โค้ด สถานที่ สถานะ
1. วิทยาศาสตร์การแพทย์ และสุขภาพ
วิทยาศาสตร์การแพทย์ และสุขภาพ
QW4 พ338C ฉ.1 
  Barcode: 29047
ห้องสมุดวิทยาเขตนครสวรรค์
►หนังสือทั่วไป:l:General Books
บนชั้น

รายการใกล้เคียง
    ผู้แต่ง [พบชัย งามสกุลรุ่งโรจน์]

    หัวเรื่อง [Medical microbiology]
    หัวเรื่อง [Bacteria]
    หัวเรื่อง [Parasitology]
    หัวเรื่อง [จุลชีววิทยาทางการแพทย์]
    หัวเรื่อง [แบคทีเรีย]
    หัวเรื่อง [ปรสิตวิทยา]

BibComment


ยังไม่เคยถูกคอมเมนท์

คอมเมนท์ทรัพยากรรายการนี้
  คอมเมนท์: Cases in medical..


 Copyright 2026. Bcnsprnw @Library